<?xml version="1.0" encoding="UTF-8"?>
<record
    xmlns:xsi="http://www.w3.org/2001/XMLSchema-instance"
    xsi:schemaLocation="http://www.loc.gov/MARC21/slim http://www.loc.gov/standards/marcxml/schema/MARC21slim.xsd"
    xmlns="http://www.loc.gov/MARC21/slim">

  <leader>00564nam a2200193   4500</leader>
  <controlfield tag="003">SEACOMEC</controlfield>
  <controlfield tag="005">20240415120112.0</controlfield>
  <controlfield tag="008">231006b        |||||||| |||| 00| 0 eng d</controlfield>
  <datafield tag="020" ind1=" " ind2=" ">
    <subfield code="c">Rs. 295.00</subfield>
    <subfield code="a"> 978-8173710230</subfield>
  </datafield>
  <datafield tag="040" ind1=" " ind2=" ">
    <subfield code="a">SEACOMEC</subfield>
  </datafield>
  <datafield tag="082" ind1=" " ind2=" ">
    <subfield code="a">515.35</subfield>
    <subfield code="b">R215</subfield>
  </datafield>
  <datafield tag="100" ind1="1" ind2=" ">
    <subfield code="a">Rao, S. Balachandra</subfield>
  </datafield>
  <datafield tag="245" ind1=" " ind2=" ">
    <subfield code="a">Differential Equations</subfield>
    <subfield code="b">with applications and programs</subfield>
    <subfield code="c">S. Balachandra Rao and H.R. Anuradha</subfield>
  </datafield>
  <datafield tag="260" ind1=" " ind2=" ">
    <subfield code="a">Hyderabad</subfield>
    <subfield code="b">Universities</subfield>
    <subfield code="c">1999</subfield>
  </datafield>
  <datafield tag="300" ind1=" " ind2=" ">
    <subfield code="a">416p</subfield>
    <subfield code="c">20.3 x 25.4 x 4.7 cm</subfield>
  </datafield>
  <datafield tag="650" ind1=" " ind2=" ">
    <subfield code="a">Analysis</subfield>
  </datafield>
  <datafield tag="700" ind1="1" ind2=" ">
    <subfield code="a">Anuradha, H.R. </subfield>
  </datafield>
  <datafield tag="942" ind1=" " ind2=" ">
    <subfield code="c">BOOK</subfield>
  </datafield>
  <datafield tag="952" ind1=" " ind2=" ">
    <subfield code="0">0</subfield>
    <subfield code="1">0</subfield>
    <subfield code="2">ddc</subfield>
    <subfield code="4">0</subfield>
    <subfield code="7">0</subfield>
    <subfield code="a">SEACOMEC</subfield>
    <subfield code="b">SEACOMEC</subfield>
    <subfield code="d">2024-04-15</subfield>
    <subfield code="l">0</subfield>
    <subfield code="o">515.35 R215</subfield>
    <subfield code="p">5083</subfield>
    <subfield code="r">2024-04-15 12:01:49</subfield>
    <subfield code="w">2024-04-15</subfield>
    <subfield code="y">BOOK</subfield>
  </datafield>
  <datafield tag="952" ind1=" " ind2=" ">
    <subfield code="0">0</subfield>
    <subfield code="1">0</subfield>
    <subfield code="2">ddc</subfield>
    <subfield code="4">0</subfield>
    <subfield code="7">0</subfield>
    <subfield code="a">SEACOMEC</subfield>
    <subfield code="b">SEACOMEC</subfield>
    <subfield code="d">2024-04-15</subfield>
    <subfield code="l">0</subfield>
    <subfield code="o">515.35 R215</subfield>
    <subfield code="p">5084</subfield>
    <subfield code="r">2024-04-15 12:02:05</subfield>
    <subfield code="t">1</subfield>
    <subfield code="w">2024-04-15</subfield>
    <subfield code="y">BOOK</subfield>
  </datafield>
  <datafield tag="952" ind1=" " ind2=" ">
    <subfield code="0">0</subfield>
    <subfield code="1">0</subfield>
    <subfield code="2">ddc</subfield>
    <subfield code="4">0</subfield>
    <subfield code="7">0</subfield>
    <subfield code="a">SEACOMEC</subfield>
    <subfield code="b">SEACOMEC</subfield>
    <subfield code="d">2024-04-15</subfield>
    <subfield code="l">0</subfield>
    <subfield code="o">515.35 R215</subfield>
    <subfield code="p">5085</subfield>
    <subfield code="r">2024-04-15 12:02:05</subfield>
    <subfield code="t">2</subfield>
    <subfield code="w">2024-04-15</subfield>
    <subfield code="y">BOOK</subfield>
  </datafield>
  <datafield tag="952" ind1=" " ind2=" ">
    <subfield code="0">0</subfield>
    <subfield code="1">0</subfield>
    <subfield code="2">ddc</subfield>
    <subfield code="4">0</subfield>
    <subfield code="7">0</subfield>
    <subfield code="a">SEACOMEC</subfield>
    <subfield code="b">SEACOMEC</subfield>
    <subfield code="d">2024-04-15</subfield>
    <subfield code="l">0</subfield>
    <subfield code="o">515.35 R215</subfield>
    <subfield code="p">5086</subfield>
    <subfield code="r">2024-04-15 12:02:05</subfield>
    <subfield code="t">3</subfield>
    <subfield code="w">2024-04-15</subfield>
    <subfield code="y">BOOK</subfield>
  </datafield>
  <datafield tag="952" ind1=" " ind2=" ">
    <subfield code="0">0</subfield>
    <subfield code="1">0</subfield>
    <subfield code="2">ddc</subfield>
    <subfield code="4">0</subfield>
    <subfield code="7">0</subfield>
    <subfield code="a">SEACOMEC</subfield>
    <subfield code="b">SEACOMEC</subfield>
    <subfield code="d">2024-04-15</subfield>
    <subfield code="l">0</subfield>
    <subfield code="o">515.35 R215</subfield>
    <subfield code="p">5087</subfield>
    <subfield code="r">2024-04-15 12:02:05</subfield>
    <subfield code="t">4</subfield>
    <subfield code="w">2024-04-15</subfield>
    <subfield code="y">BOOK</subfield>
  </datafield>
  <datafield tag="999" ind1=" " ind2=" ">
    <subfield code="c">137</subfield>
    <subfield code="d">137</subfield>
  </datafield>
</record>
